| 000 | 00598nam a2200145Ia 4500 | ||
|---|---|---|---|
| 008 | 170221s9999 xx 000 0 und d | ||
| 100 | _aJason Haen | ||
| 245 | 4 | _aThe relationship between 150-credit hours, accounting credit hours and CPA pass rates | |
| 245 | _cJason Haen, St. Norbert College; Amy Spielbauer-Vandenberg, St. Norbert College; Ariel Bloniarz, St. Norbert College; Amy Diestler, St. Norbert College. | ||
| 260 | _bJournal of Management and Marketing Research | ||
| 260 | _c2012 | ||
| 300 | _a10 : 1 | ||
| 650 | _xBusiness | ||
| 856 | _uhttp://www.aabri.com/manuscripts/141820.pdf | ||
| 999 |
_c311733 _d311733 |
||